Les 15 pays les moins peuplés d'Asie - Statistiques

Statistiques générales
  • Ce quiz a été pris 91 fois
  • Le résultat moyen est 12 sur 15
Statistiques - réponses
Habitants Pays % Correct
753 945 Bhoutan
88%
2 168 673 Qatar
85%
4 492 150 Singapour
85%
379 444 Brunei
84%
1 132 879 Timor oriental
83%
2 976 372 Arménie
78%
2 418 393 Koweït
78%
3 632 444 Oman
78%
3 038 217 Géorgie
77%
686 585 Bahreïn
76%
4 821 938 Liban
76%
2 832 224 Mongolie
74%
5 042 920 Turkménistan
74%
5 213 898 Kirghizistan
71%
359 008 Maldives
66%
Aucun quiz correspondant
Distribution des résultats
% des personnes avec chaque résultat
Percentile par nombre de réponses
Votre historique - résultats
Vous n’avez pas pris ce quiz